000 00442nam a2200181 i 4500
001 bg
100 1 _aALEMASOV, V. E.
245 0 _aTeorija raketnych dvigateli /
_cV.E. Alemasov, A. F. Dregalin, A. P. TiĊĦin.
250 _aIzd.2.
260 _aMoskva,
_c1969.
700 1 _aDREGALIN, A. F.
700 1 _aTISIN, A. P.
040 _cBPK
041 _apol
080 _a621.13
942 _cKS
008 s pl f |000 0 pol
999 _c8717
_d8717
856 _uhttp://koha.tu.koszalin.pl/cgi-bin/koha/opac-detail.pl?biblionumber=8717
_yKatalog online BPK